| 000 | 00663nam a22001817a 4500 | ||
|---|---|---|---|
| 003 | OSt | ||
| 005 | 20250915142227.0 | ||
| 008 | 250915b |||||||| |||| 00| 0 eng d | ||
| 040 | _c0 | ||
| 082 | _aDper 658.421 En86 January-May 2017 v. 41 n. 1-3 | ||
| 100 |
_aSpigel, Ben. _eauthor. _967437 |
||
| 245 |
_aThe relational organization of entrepreneurial ecosystems / _cBen Spigel. |
||
| 260 |
_aHoboken ; _bWiley Blackwell , _cJanuary 2017. |
||
| 300 |
_aVolume 41, pages 49-72 : _billustration ; _c25 cm. |
||
| 500 | _aEntrepreneurship : Theory and Practice, vol. 41, no. 1, pages 49-72, January 2017. | ||
| 700 |
_aSpigel, Ben. _eauthor. _967437 |
||
| 942 |
_2ddc _cPER |
||
| 999 |
_c23772 _d23772 |
||